Studies in ontology in twentieth century literature / (Record no. 27402)
[ view plain ]
| 000 -LEADER | |
|---|---|
| fixed length control field | 01375nam a22003495i 4500 |
| 001 - CONTROL NUMBER | |
| control field | 018941298 |
| 003 - CONTROL NUMBER IDENTIFIER | |
| control field | EG-ScBUE |
| 005 - DATE AND TIME OF LATEST TRANSACTION | |
| control field | 20201027102710.0 |
| 008 - FIXED-LENGTH DATA ELEMENTS--GENERAL INFORMATION | |
| fixed length control field | 180716s2018 enk f b 001 0 eng d |
| 020 ## - INTERNATIONAL STANDARD BOOK NUMBER | |
| Cancelled/invalid ISBN | 9781527505384 |
| 020 ## - INTERNATIONAL STANDARD BOOK NUMBER | |
| Cancelled/invalid ISBN | 1527505383 |
| 040 ## - CATALOGING SOURCE | |
| Original cataloging agency | N$T |
| Language of cataloging | eng |
| Description conventions | rda |
| Transcribing agency | N$T |
| Modifying agency | Uk |
| -- | EG-ScBUE |
| 082 04 - DEWEY DECIMAL CLASSIFICATION NUMBER | |
| Classification number | 809.93384 |
| Item number | ENR |
| Edition number | 22 |
| 100 10 - MAIN ENTRY--PERSONAL NAME | |
| Personal name | Enright-Clark Shoukri, Doris, |
| Relator term | author. |
| 9 (RLIN) | 24973 |
| 245 10 - TITLE STATEMENT | |
| Title | Studies in ontology in twentieth century literature / |
| Statement of responsibility, etc | by Doris Enright-Clark Shoukri ; edited by Leslie Croxford and Leonardo de Arrizabalaga y Prado. |
| 264 #1 - PUBLICATION, DISTRIBUTION, ETC. (IMPRINT) | |
| Place of publication, distribution, etc | Newcastle upon Tyne, UK : |
| Name of publisher, distributor, etc | Cambridge Scholars Publishing, |
| Date of publication, distribution, etc | 2018. |
| 300 ## - PHYSICAL DESCRIPTION | |
| Extent | viii, 265 pages ; |
| Dimensions | 24 cm |
| 336 ## - CONTENT TYPE | |
| Content type term | text |
| Content type code | txt |
| Source | rdacontent |
| 337 ## - MEDIA TYPE | |
| Media type term | unmediated |
| Media type code | n |
| Source | rdamedia |
| 338 ## - CARRIER TYPE | |
| Carrier type term | volume |
| Carrier type code | nc |
| Source | rdacarrier |
| 504 ## - BIBLIOGRAPHY, ETC. NOTE | |
| Bibliography, etc | Includes bibliographical references and index. |
| 520 ## - SUMMARY, ETC. | |
| Summary, etc | This book is a study of literary concern with ontology throughout the twentieth century. |
| 650 #7 - SUBJECT ADDED ENTRY--TOPICAL TERM | |
| Topical term or geographic name as entry element | Literary studies: from c 1900. |
| Source of heading or term | bicssc |
| 650 #7 - SUBJECT ADDED ENTRY--TOPICAL TERM | |
| Topical term or geographic name as entry element | Ontology in literature. |
| Source of heading or term | BUEsh |
| 650 #7 - SUBJECT ADDED ENTRY--TOPICAL TERM | |
| Topical term or geographic name as entry element | Literature, Modern |
| Chronological subdivision | 20th century |
| General subdivision | History and criticism. |
| Source of heading or term | BUEsh |
| 651 ## - SUBJECT ADDED ENTRY--GEOGRAPHIC NAME | |
| Source of heading or term | BUEsh |
| 653 ## - INDEX TERM--UNCONTROLLED | |
| Resource For college | Humanities: English |
| -- | Generalities |
| Arrived date list | April2019 |
| 655 ## - INDEX TERM--GENRE/FORM | |
| Form subdivision | Reading book |
| 9 (RLIN) | 34232 |
| 700 1# - ADDED ENTRY--PERSONAL NAME | |
| Personal name | Croxford, Leslie, |
| Relator term | editor. |
| 9 (RLIN) | 41842 |
| 700 1# - ADDED ENTRY--PERSONAL NAME | |
| Personal name | Prado, Leonardo de Arrizabalaga y, |
| Relator term | editor. |
| 942 ## - ADDED ENTRY ELEMENTS (KOHA) | |
| Source of classification or shelving scheme | Dewey Decimal Classification |
| Koha item type | Book - Borrowing |
| Withdrawn status | Lost status | Source of classification or shelving scheme | Damaged status | Not for loan | Collection code | Home library | Current library | Shelving location | Date acquired | Source of acquisition | Cost, normal purchase price | Total Checkouts | Full call number | Barcode | Date last seen | Cost, replacement price | Koha item type |
|---|---|---|---|---|---|---|---|---|---|---|---|---|---|---|---|---|---|
| Dewey Decimal Classification | Baccah | Central Library | Central Library | Second Floor | 20/04/2019 | Purchase | 950.00 | 809.93384 ENR | 000044613 | 15/07/2025 | 1187.50 | Book - Borrowing |